000 01162cam a2200397Ia 4500
999 _c27747
_d27747
003 BJBSDDR
005 20230410103902.0
007 ta
008 950718s1996 nyub b 001 0 eng d
020 _a0679765638
020 _a9780679765639
020 _a06794463X
029 1 _aYDXCP
_b546525
035 _a(OCoLC)ocm34470832
035 _a(OCoLC)34470832
040 _aJRF
_cJRF
_bspa
041 _aeng
043 _aa-is---
049 _aGRAL
050 1 4 _a416 DS 126.5
_bS121h 1996
082 0 0 _a956.94
100 1 _aSachar, Howard M.
_d1928-2018
_q(Howard Morley),
245 1 2 _aA history of Israel :
_bfrom the rise of Zionism to our time /
_cHoward M. Sachar.
250 _a2nd ed., rev. & updated.
260 _aNew York :
_bKnopf,
_cc1996.
300 _axx, 1153 p. :
_bmaps ;
_c25 cm.
504 _aIncludes bibliographical references and index.
650 0 _aZionism
_xHistory.
650 4 _aSionismo
_xHistoria.
_95255
651 0 _aIsrael
_xHistory.
651 4 _aIsrael
_xHistoria
_915733
651 0 _aPalestine
_xHistory
_y1917-1948.
651 4 _aPalestina
_xHistoria
_y1917-1948
_93508
942 _2lcc
_cBK
946 _aMF